000 01093nam a2200253 i 4500
001 82574
003 ES-MaACL
005 20251110063222.0
007 t|
008 041111m19141926sp ||||1| spa d
100 1 _aIbsen, Henrik,
_d1828-1906
_965031
245 1 0 _aDramas de Enrique Ibsen /
_ctraducción de J. Pérez Bances.
260 _aMadrid :
_b[s.n.],
_c1914-1926 (
_fSuc. de Hernando)
300 _a4 v. ;
_c18 cm.
490 1 _aBiblioteca clásica
505 8 _aContiene: 1. Los guerreros del norte; La señora Inger de Ostrot; La dama del mar - 2. La unión de la juventud; Hedda Gabler; El constructor Solness - 3. Brand; Un enemigo del pueblo - 4. Rosmersholm; El pato silvestre; Casa de muñecas
530 _aDisponible en formato digital.
700 1 _aPérez Bances, José Ramón.
_990655
830 0 _aBiblioteca clásica
_9180370
852 _aES-MaACL
_jF-13111-14
_cSPP2
_zRevisado enlace: 31 de julio de 2025
856 4 _uhttp://bdh-rd.bne.es/viewer.vm?id=0000171189&page=1
_y(Biblioteca Digital Hispánica)
942 _2udc
999 _c82574
_d82574